000
00210nam a2200085Ia 4500
008
180219s9999 xx 000 0 und d
100
_a
Ra Sharrma
245
0
_a
Educationaltechnology
260
_a
Vinay Rakheja R. Lall Meerut
260
_c
2012
999
_c
42202
_d
42202